Normal view
MARC view
- ALLISON,CHUCH
Entry Personal Name
001 - CONTROL NUMBER
- control field: 531
003 - CONTROL NUMBER IDENTIFIER
- control field: JO-AjAnu
005 - DATE AND TIME OF LATEST TRANSACTION
- control field: 20230606070407.0
008 - FIXED-LENGTH DATA ELEMENTS
- fixed length control field: 230606|| aca||aabn | a|a d
040 ## - CATALOGING SOURCE
- Original cataloging agency: JO-AjAnu
- Transcribing agency: JO-AjAnu
100 ## - HEADING--PERSONAL NAME
- Personal name: ALLISON,CHUCH
670 ## - SOURCE DATA FOUND
- Source citation: Work cat.: (JO-AjAnu)282: ALLISON,CHUCH, author, THINKING IN C++ VOLUME TWO:PRACTICAL PROGRAMMING vol.2